000
00288nam a2200097 a 4500
005
20200930070445.0
008
110906s1811 000 spa d
245
0
_a
Columbus; or the discovery of america, as related by a father to his children.
260
_a
London,
_c
1811.
999
_c
33196
_d
33196
040
_a
DO-SdBNP